[Event "17th TCh-Eur"]
[Site "Novi Sad SRB"]
[Date "2009.10.28"]
[Round "7"]
[White "Nisipeanu,LD"]
[Black "Sedlak,N"]
[Result "1/2-1/2"]
[WhiteElo "2664"]
[BlackElo "2571"]

1.e4 e6 2.d4 d5 3.Nd2 a6 4.Ngf3 Nf6 5.e5 Nfd7 6.Bd3 c5 7.c3 Nc6 8.O-O g5
9.dxc5 g4 10.Nd4 Ndxe5 11.N2b3 Nxd3 12.Qxd3 e5 13.Re1 Bg7 14.Nxc6 bxc6 15.Nd4 Qf6
16.f4 gxf3 17.Nxf3 Qe7 18.Nxe5 Bxe5 19.Bf4 f6 20.Qg3 Be6 21.Bxe5 fxe5 22.Rxe5 Kd7
23.Qe3 Rhf8 24.Re1 Rae8 25.b4 Qf6 26.Qe2 Bf7 27.Qxa6 Rxe5 28.Qb7+ Kd8 29.Qb8+ Kd7
30.Qb7+ Kd8  1/2-1/2

[Event "8th TCh-Eur w"]
[Site "Novi Sad SRB"]
[Date "2009.10.28"]
[Round "7"]
[White "Nikolova,A"]
[Black "Medic,Mir"]
[Result "1/2-1/2"]
[WhiteElo "2334"]
[BlackElo "2322"]

1.e4 e6 2.d4 d5 3.Nd2 Be7 4.Ngf3 Nf6 5.Bd3 dxe4 6.Nxe4 Nbd7 7.Nxf6+ Nxf6
8.Qe2 h6 9.Bd2 c6 10.c4 b6 11.Bc3 Bb7 12.Rd1 Qc7 13.Ne5 O-O 14.O-O c5 15.dxc5 Bxc5
16.Rfe1 Rfd8 17.Bb1 Rxd1 18.Rxd1 Rd8 19.h3 Rxd1+ 20.Qxd1 Be4 21.Nd7 Bxb1
22.Nxf6+ gxf6 23.Qxb1 Qf4 24.Qf1 e5 25.Qe2 Qc1+ 26.Kh2 Qf4+ 27.Kg1 Qc1+ 28.Kh2 Qf4+
29.Kg1  1/2-1/2

[Event "8th TCh-Eur w"]
[Site "Novi Sad SRB"]
[Date "2009.10.28"]
[Round "7"]
[White "Peptan,C"]
[Black "Mkrtchian,L"]
[Result "0-1"]
[WhiteElo "2387"]
[BlackElo "2469"]

1.e4 e6 2.d4 d5 3.Nd2 Nc6 4.Ngf3 Nf6 5.e5 Nd7 6.c3 f6 7.Bb5 fxe5 8.dxe5 Be7
9.Qe2 O-O 10.O-O a5 11.Re1 Nc5 12.Nb3 Nxb3 13.axb3 Bd7 14.Bd3 Be8 15.Qc2 h6
16.Bg6 Bc5 17.Ra4 Ne7 18.Bxe8 Qxe8 19.Be3 Bxe3 20.Rxe3 c5 21.h3 Qh5 22.Qd3 Qe8
23.Qc2 b5 24.Ra1 Nc6 25.Rae1 Qh5 26.Qe2 c4 27.bxc4 bxc4 28.Nd4 Qxe2 29.R3xe2 Nxd4
30.cxd4 Rfb8 31.Ra1 Rb3 32.Rd2 h5 33.Kf1 a4 34.Ke2 Kf7 35.h4 Kg6 36.f3 Kf5
37.g3 Kg6 38.Rc2 Rf8 39.Rf1 Rfb8 40.Ra1 Rxb2  0-1

[Event "8th TCh-Eur w"]
[Site "Novi Sad SRB"]
[Date "2009.10.29"]
[Round "8"]
[White "Sedina,E"]
[Black "Vojinovic,J"]
[Result "1/2-1/2"]
[WhiteElo "2335"]
[BlackElo "2359"]

1.e4 e6 2.d4 d5 3.Nd2 Be7 4.c3 c5 5.dxc5 Nf6 6.exd5 Qxd5 7.b4 Nc6 8.Ngf3 a5
9.Bc4 Qh5 10.Rb1 Nd5 11.Bxd5 exd5 12.O-O axb4 13.cxb4 Rxa2 14.Re1 Be6 15.b5 Na5
16.Nb3 O-O 17.Nxa5 Rxa5 18.Be3  1/2-1/2

[Event "17th TCh-Eur"]
[Site "Novi Sad SRB"]
[Date "2009.10.29"]
[Round "8"]
[White "Lupulescu,C"]
[Black "Kindermann,S"]
[Result "1/2-1/2"]
[WhiteElo "2599"]
[BlackElo "2529"]

1.e4 e6 2.d4 d5 3.Nd2 Be7 4.e5 c5 5.Qg4 Kf8 6.dxc5 Nc6 7.Ngf3 h5 8.Qf4 g5
9.Qe3 d4 10.Qe4 g4 11.Ng1 f5 12.exf6 Nxf6 13.Qe2 e5 14.h3 Qa5 15.hxg4 Bxg4
16.Qc4 Qxc5 17.Qxc5 Bxc5 18.Bd3 Nb4 19.f3 Be6 20.Ne4 Be7 21.Bd2 Nxd3+ 22.cxd3 Rc8
23.f4 Bf5 24.fxe5 Nxe4 25.dxe4 Bxe4 26.Nf3 Rg8 27.O-O Ke8 28.Rac1 Rxc1 29.Bxc1 Bd5
30.a3 d3 31.Be3 a6 32.Kf2 Rg6 33.Rd1 Be4 34.Rc1 Rc6 35.Rxc6 bxc6 36.Nd2 Bd5
37.g3 Kd7 38.Bf4 Bc5+ 39.Be3 Be7 40.Bf4 Bc5+ 41.Be3 Bf8 42.Bf4 Bc5+  1/2-1/2

[Event "17th TCh-Eur"]
[Site "Novi Sad SRB"]
[Date "2009.10.29"]
[Round "8"]
[White "Lupulescu,C"]
[Black "Kindermann,S"]
[Result "1/2-1/2"]
[WhiteElo "2599"]
[BlackElo "2529"]

1.e4 e6 2.d4 d5 3.Nd2 Be7 4.e5 c5 5.Qg4 Kf8 6.dxc5 Nc6 7.Ngf3 h5 8.Qf4 g5
9.Qe3 d4 10.Qe4 g4 11.Ng1 f5 12.exf6 Nxf6 13.Qe2 e5 14.h3 Qa5 15.hxg4 Bxg4
16.Qc4 Qxc5 17.Qxc5 Bxc5 18.Bd3 Nb4 19.f3 Be6 20.Ne4 Be7 21.Bd2 Nxd3+ 22.cxd3 Rd8
23.f4 Bf5 24.fxe5 Nxe4 25.dxe4 Bxe4 26.Nf3 Rg8 27.O-O Ke8  1/2-1/2

[Event "13th OIBM"]
[Site "Bad Wiessee GER"]
[Date "2009.11.03"]
[Round "5"]
[White "Graf,C"]
[Black "De Francesco,K"]
[Result "0-1"]
[WhiteElo "2139"]
[BlackElo "2296"]

1.e4 e6 2.d4 d5 3.Nd2 Be7 4.Ngf3 Nf6 5.Bd3 b6 6.e5 Nfd7 7.Qe2 c5 8.c4 O-O
9.cxd5 exd5 10.O-O Nc6 11.Bb5 Ndb8 12.dxc5 bxc5 13.b3 a6 14.Bd3 a5 15.Bb5 Qb6
16.h3 Na6 17.Re1 Ncb4 18.Nf1 Nc7 19.Bd3 Nxd3 20.Qxd3 Re8 21.Bg5 Bf8 22.a4 Qg6
23.Qxg6 hxg6 24.Bd2 Re6 25.Ne3 Rb6 26.Rab1 Be7 27.Rec1 f6 28.exf6 gxf6 29.Ne1 Bb7
30.Nd3 Ne6 31.Re1 Kf7 32.f4 Nd4 33.f5 g5 34.Kf2 Nxb3 35.Nc1 c4 36.Nxb3 cxb3
37.Rec1 Bd6 38.Rc3 d4 39.Nc4 dxc3 40.Nxb6 Bc5+ 41.Kg3 cxd2 42.Nxa8 Bxa8 43.Rd1 Be3
44.h4 gxh4+ 45.Kxh4 Be4 46.g4 Bc2 47.Kh5 Bxd1  0-1

[Event "USCL 2009"]
[Site "ICC INT"]
[Date "2009.11.04"]
[Round "10"]
[White "Moreno,Ale"]
[Black "Adamson,R"]
[Result "1-0"]
[WhiteElo "2391"]
[BlackElo "2302"]

1.e4 e6 2.d4 d5 3.Nd2 Nc6 4.Ngf3 Nf6 5.e5 Nd7 6.Be2 Be7 7.Nf1 O-O 8.Ne3 f6
9.exf6 Bxf6 10.O-O Qe8 11.Ng4 Be7 12.c4 Qg6 13.h3 Kh8 14.Bd3 Qh5 15.Re1 Bb4
16.Re3 Bd6 17.c5 Bf4 18.Re1 Bxc1 19.Rxc1 Rf4 20.Bb5 Nf6 21.Bxc6 bxc6 22.Nfe5 Rb8
23.Nxf6  1-0

[Event "World Seniors"]
[Site "Condino ITA"]
[Date "2009.11.05"]
[Round "9"]
[White "Boehnisch,M"]
[Black "Simon Padros,E"]
[Result "1-0"]
[WhiteElo "2364"]
[BlackElo "2237"]

1.e4 e6 2.d4 d5 3.Nd2 Nc6 4.c3 e5 5.dxe5 dxe4 6.Qe2 Nxe5 7.Nxe4 Qe7 8.Be3 f5
9.Bc5 Qe6 10.Bxf8 Kxf8 11.Nc5 Qe7 12.f4 Nf7 13.Qxe7+ Nxe7 14.O-O-O Nd6 15.Nf3 Ng6
16.Nd4 Kf7 17.Nb5 Nxb5 18.Bxb5 Nxf4 19.g3 Ng6 20.Rhe1 Kf6 21.g4 b6 22.gxf5 bxc5
23.fxg6 hxg6 24.Bd7 Bxd7 25.Rxd7 Rxh2 26.Rf1+ Kg5 27.Rxc7 Re8 28.Rxc5+ Kh6
29.Rb5 Ree2 30.a4 g5 31.Kb1 g4 32.Rf4 Reg2 33.a5 g3 34.Rg4 Rg1+ 35.Ka2 Rh5
36.Rxh5+ Kxh5 37.Rxg7 g2 38.b4 Kh6 39.Rg8 Rc1 40.Rxg2 Rxc3 41.Rd2 Rc7 42.b5 Kg6
43.Kb3 Kf6 44.Re2 Rc1 45.Kb4  1-0

[Event "3rd Asian Indoor Team Rapid Prelim"]
[Site "Ha Long City VIE"]
[Date "2009.11.05"]
[Round "5"]
[White "Pourkashiyan,A"]
[Black "Cua,Sherc"]
[Result "1-0"]
[WhiteElo "2306"]
[BlackElo "2142"]

1.e4 e6 2.d4 d5 3.Nd2 Nc6 4.Ngf3 Nf6 5.e5 Nd7 6.Be2 f6 7.exf6 Qxf6 8.Nf1 Bd6
9.Ne3 O-O 10.O-O Qg6 11.c4 Nf6 12.Re1 Bd7 13.c5 Bf4 14.Nf1 Bxc1 15.Rxc1 Rae8
16.Bd3 Qh6 17.Ng3 e5 18.dxe5 Ng4 19.Bc4 dxc4 20.Qxd7 Ngxe5 21.Qd5+ Kh8 22.Nxe5 Nxe5
23.Rcd1 Qf4 24.Rf1 c6 25.Qd4 Nd3 26.Qc3 Nxc5 27.Rd4 Qf6 28.Qxc4 Ne6 29.Rd2 Nf4
30.h3 Qf7 31.Qxf7 Rxf7 32.Rfd1 Nd5 33.a3 a5 34.Re2 Rfe7 35.Rdd2 Kg8 36.Rxe7 Rxe7
37.Nf5 Re6 38.Kf1 g6 39.Nd4 Re7 40.Nb3 a4 41.Nc5 b5 42.g3 Kf7 43.Nd3 Nb6
44.Nb4 Nc4 45.Rc2 Re6 46.Nd3 Rd6 47.Ke2 Re6+ 48.Kf3 Rd6 49.Ke4 Ke7 50.g4 Kd7
51.Ne5+ Ke6 52.Nxc4 bxc4 53.f4 Rd3 54.Rxc4 Rb3 55.Rxc6+ Kd7 56.Rc4 Rxb2 57.Rxa4 Rh2
58.Ra7+  1-0

[Event "World Youth U18"]
[Site "Antalya TUR"]
[Date "2009.11.15"]
[Round "4"]
[White "Aguirre Manzo,L"]
[Black "Jorczik,J"]
[Result "1-0"]
[WhiteElo "2148"]
[BlackElo "2368"]

1.e4 e6 2.d4 d5 3.Nd2 Be7 4.Ngf3 Nf6 5.Bd3 c5 6.c3 O-O 7.O-O b6 8.Re1 Bb7
9.e5 Nfd7 10.Nf1 Ba6 11.Bb1 Nc6 12.Qc2 g6 13.Qd2 Bxf1 14.Kxf1 cxd4 15.cxd4 Qc7
16.Qe2 Rfc8 17.Bd2 b5 18.Bd3 b4 19.h4 Qb6 20.Qe3 b3 21.a3 Nf8 22.Rac1 a5
23.h5 a4 24.g3 Na5 25.Kg2 Nc4 26.Bxc4 dxc4 27.Rh1 Qc6 28.Rc3 Qd5 29.Qh6 Ra7
30.Bg5 Bxg5 31.Qxg5 Qe4 32.Re1 Qd5 33.Rh1 Rac7 34.Rh4 Qd8 35.Qh6 Qd5 36.Rf4 Qb7
37.Kh2 Rd7 38.Ng5 Qc7 39.Ne4 Rcd8 40.Rcf3 Qb7 41.Ng5  1-0

[Event "Open"]
[Site "Leuven BEL"]
[Date "2009.11.15"]
[Round "6"]
[White "Dardha,A"]
[Black "Claesen,P"]
[Result "1/2-1/2"]
[WhiteElo "2308"]
[BlackElo "2338"]

1.e4 e6 2.d4 d5 3.Nd2 Be7 4.Bd3 c5 5.dxc5 Nf6 6.Qe2 Nc6 7.Ngf3 a5 8.O-O O-O
9.c3 Nd7 10.Bc2 Nxc5 11.Re1 b6 12.Nd4 Nxd4 13.cxd4 Ba6 14.Qe3 Nxe4 15.Nxe4 dxe4
16.Qxe4 g6 17.d5 Bb7 18.Bh6 Bxd5 19.Qe2 Re8 20.Ba4 Bg5 21.Bxe8 Bxh6 22.Bb5 Qg5
23.f3 Qh5 24.Bd3 Bf4 25.h3 Rc8 26.Be4 Bc4 27.Bd3 Qc5+ 28.Kh1 Bxd3 29.Qxd3 Qf2
30.Re2 Qg3 31.Kg1 Bd6 32.Rd1 Qh2+ 33.Kf1 Bc5 34.Rf2 Bxf2 35.Kxf2 Qe5 36.Rd2 Rc1
37.Qe3 Qc7 38.a3 Rc2 39.Qd4 e5 40.Qd3 Qc5+ 41.Kg3 Rxd2 42.Qxd2 Kg7 43.h4 h5
44.b4 axb4 45.axb4 Qc4 46.Qd6 Qf4+ 47.Kh3 g5 48.hxg5 Qxg5 49.Qxb6 h4 50.Qf2 Qf5+
51.Kxh4 Qf4+ 52.Kh3 Qxb4 53.Qe3  1/2-1/2

[Event "World Youth U18"]
[Site "Antalya TUR"]
[Date "2009.11.16"]
[Round "6"]
[White "Ter Sahakyan,S"]
[Black "Poetsch,H"]
[Result "1-0"]
[WhiteElo "2512"]
[BlackElo "2361"]

1.e4 e6 2.d4 d5 3.Nd2 Be7 4.e5 c5 5.dxc5 Nc6 6.Ngf3 Bxc5 7.Bd3 f6 8.Nb3 fxe5
9.Nxc5 Qa5+ 10.Bd2 Qxc5 11.b4 Nxb4 12.Nxe5 Nf6 13.Rb1 a5 14.O-O Nxd3 15.Nxd3 Qc4
16.Ne5 Qd4 17.Nf3 Qa4 18.Be3 O-O 19.Ne5 Qxa2 20.Bc5 Re8 21.Rb3 b6 22.Qc1 Qa4
23.Bxb6 Ba6 24.Re1 Rac8 25.Qg5 Re7 26.h3 Qe8 27.Bxa5 Rxc2 28.Rb6 Bc8 29.Rd6 Bd7
30.Nxd7 Nxd7 31.Bd8 Qf7 32.Bxe7 Qxf2+ 33.Kh2 Qxe1 34.Rxd7 h6 35.Qxg7+ Kxg7
36.Bh4+ Kg6 37.Bxe1 Kf5 38.Kg3 Ke4 39.Rd6 e5 40.Rxh6 d4 41.Rd6 Ke3 42.h4 Ke2
43.Ba5 Rc5 44.Bb6 Rc3+ 45.Kh2 d3 46.Re6 d2 47.Rxe5+ Kf1 48.Rd5 Rb3 49.Rxd2 Rxb6
50.Kh3 Rb5 51.g3 Rc5 52.Rg2 Ra5 53.g4 Ra3+ 54.Rg3 Ra1 55.g5  1-0

[Event "World Youth U18"]
[Site "Antalya TUR"]
[Date "2009.11.20"]
[Round "9"]
[White "Bebel,A"]
[Black "Poetsch,H"]
[Result "0-1"]
[WhiteElo "2275"]
[BlackElo "2361"]

1.e4 e6 2.d4 d5 3.Nd2 Be7 4.Ngf3 Nf6 5.e5 Nfd7 6.Bd3 c5 7.c3 Nc6 8.O-O a5
9.Re1 cxd4 10.cxd4 Qb6 11.Nb1 Nxd4 12.Nxd4 Qxd4 13.Nc3 Bc5 14.Be3 Qh4 15.Bxc5 Nxc5
16.Rc1 Nxd3 17.Qxd3 O-O 18.Nb5 Bd7 19.Nd6 f6 20.Nf5 Qg5 21.Ne7+ Kh8 22.Rc7 Rfd8
23.f4 Qxf4 24.Re3 fxe5 25.Rf3 e4 26.Rxf4 exd3 27.Rd4 Bb5  0-1

[Event "UTD Invitational B"]
[Site "Dallas USA"]
[Date "2009.11.21"]
[Round "1"]
[White "Vazirova,K"]
[Black "Ibragimov,I"]
[Result "0-1"]
[WhiteElo "2187"]
[BlackElo "2577"]

1.e4 e6 2.d4 d5 3.Nd2 a6 4.e5 c5 5.c3 cxd4 6.cxd4 Qb6 7.Ndf3 Bd7 8.Bd3 Bb5
9.Bc2 Bb4+ 10.Bd2 a5 11.Rc1 Nc6 12.Bxb4 axb4 13.Bb1 Nge7 14.Ne2 O-O 15.Nf4 Ng6
16.Qd2 Rac8 17.Ne2 Qa6 18.Nf4 Nxf4 19.Qxf4 f6 20.Qe3 f5 21.h4 b3 22.a3 Na5
23.Rc3 Nc4 24.Qc1 Nb6 25.Nd2 Qa4 26.Rhh3 Qxd4 27.Nxb3 Qxe5+ 28.Rhe3 Qh2 29.Bd3 Bxd3
30.Rexd3 Qxg2 31.Nc5 Nc4 32.Nb3 f4  0-1

[Event "TCh-NED 2009-10"]
[Site "Netherlands NED"]
[Date "2009.11.21"]
[Round "3"]
[White "Jens,J"]
[Black "Delemarre,J"]
[Result "0-1"]
[WhiteElo "2366"]
[BlackElo "2433"]

1.e4 e6 2.d4 d5 3.Nd2 Nc6 4.Ngf3 Nf6 5.e5 Nd7 6.Bb5 Be7 7.Nf1 a6 8.Be2 f6
9.exf6 Nxf6 10.Ne3 O-O 11.h3 Qd6 12.c4 b6 13.O-O Bb7 14.b3 Rad8 15.Bb2 Qf4
16.Qc1 Kh8 17.Re1 Bb4 18.Rd1 Bd6 19.c5 bxc5 20.dxc5 Be7 21.g3 Qh6 22.Ng2 Qxc1
23.Raxc1 Ne4 24.Nf4 Rxf4 25.gxf4 Rf8 26.Nd4 Rxf4 27.Nxc6 Bxc6 28.Bd4 e5 29.Bxe5 Rxf2
30.Bd3 Rf5 31.Bxe4 dxe4 32.Bxc7 h5 33.b4 Bg5 34.Rc3 e3 35.Re1 Rf3 36.Re2 Rxh3
37.Rh2 e2 38.Kf2 Rxh2+ 39.Bxh2 Bd2  0-1

[Event "TCh-NED 2009-10"]
[Site "Netherlands NED"]
[Date "2009.11.21"]
[Round "3"]
[White "Motwani,P"]
[Black "Van Haastert,E"]
[Result "1/2-1/2"]
[WhiteElo "2497"]
[BlackElo "2413"]

1.e4 e6 2.d4 d5 3.Nd2 Be7 4.e5 Nh6 5.Ndf3 c5 6.dxc5 Bxc5 7.Bxh6 gxh6 8.Bb5+ Bd7
9.Bxd7+ Nxd7 10.Nh3 Qc7 11.Qe2 Bb4+ 12.Kf1 O-O-O 13.Nf4 Kb8 14.g3 Rc8 15.c3 Bf8
16.Kg2 Bg7 17.Rhe1 Rhg8 18.Rad1 Qc4 19.Qe3 Nb6 20.a3 Qb3 21.Nd3 Nc4 22.Qf4 Rc7
23.Nd4 Qb6 24.Re2  1/2-1/2

[Event "IV Open"]
[Site "Palma ESP"]
[Date "2009.11.22"]
[Round "3"]
[White "Maslak,K"]
[Black "Hernandez Gallardo,F"]
[Result "1-0"]
[WhiteElo "2569"]
[BlackElo "2360"]

1.e4 e6 2.d4 d5 3.Nd2 Nc6 4.Ngf3 Nf6 5.e5 Nd7 6.Bb5 a6 7.Bxc6 bxc6 8.O-O c5
9.dxc5 Nxc5 10.Nd4 Be7 11.Qg4 O-O 12.Nc6 Qd7 13.Nxe7+ Qxe7 14.b3 f5 15.exf6 Rxf6
16.Ba3 Rg6 17.Qe2 Bb7 18.f3 Qd6 19.Qf2 d4 20.Rad1 Qd5 21.Ne4 Nxe4 22.fxe4 Qd8
23.Rxd4 Qe8 24.Qh4 e5 25.Rd2 Rf6 26.Rxf6 gxf6 27.Qxf6 Qc6 28.Qg5+ Qg6 29.Rd8+  1-0

[Event "Get Your FIDE Rating"]
[Site "Stillwater USA"]
[Date "2009.11.22"]
[Round "5"]
[White "Acon,J"]
[Black "Veal,J"]
[Result "1-0"]
[WhiteElo "1824"]
[BlackElo "2028"]

1.e4 e6 2.d4 d5 3.Nd2 Be7 4.Bd3 Nf6 5.e5 Nfd7 6.Ne2 c5 7.c3 Nc6 8.Nf3 f6
9.Bf4 fxe5 10.Nxe5 Ndxe5 11.dxe5 O-O 12.Qc2 h6 13.Bg3 a6 14.a4 Rb8 15.Bg6 b5
16.O-O bxa4 17.Rxa4 Qb6 18.Rg4 Qxb2 19.Bh7+ Kh8 20.Qg6 Bg5 21.Rxg5 hxg5 22.Qh5  1-0

[Event "IV Open"]
[Site "Palma ESP"]
[Date "2009.11.23"]
[Round "4"]
[White "Wallace,P"]
[Black "Kwossek,G"]
[Result "1/2-1/2"]
[WhiteElo "2238"]
[BlackElo "2018"]

1.e4 e6 2.d4 d5 3.Nd2 Nc6 4.Ngf3 Nf6 5.e5 Nd7 6.Bb5 a6 7.Bxc6 bxc6 8.O-O c5
9.c3 Be7 10.dxc5 Nxc5 11.Nd4 Qd7 12.Qg4 O-O 13.Qg3 f6 14.b4 Na4 15.f4 c5
16.bxc5 Nxc5 17.exf6 Rxf6 18.Ba3 Bb7 19.Rac1 Ne4 20.Nxe4 dxe4 21.Bxe7 Qxe7
22.Qe3 Raf8 23.g3 e5 24.fxe5 Rxf1+ 25.Rxf1 Rxf1+ 26.Kxf1 Qxe5 27.Qf4 Qd5
28.Qc7 h6 29.h4 a5 30.a3 Ba6+ 31.Kf2 Bd3 32.Qc8+ Kh7 33.Qf5+ Qxf5+ 34.Nxf5 Kg6
35.Nd6 Kf6 36.Nb7 a4 37.Ke3 Ke5  1/2-1/2

[Event "IV Open"]
[Site "Palma ESP"]
[Date "2009.11.24"]
[Round "5"]
[White "Mamedov,Nid"]
[Black "Rabadan Velasco,R"]
[Result "1-0"]
[WhiteElo "2617"]
[BlackElo "2334"]

1.e4 e6 2.d4 d5 3.Nd2 Nc6 4.Ngf3 Nf6 5.e5 Nd7 6.Bd3 f6 7.exf6 Qxf6 8.Nf1 e5
9.Ne3 exd4 10.Nxd5 Qe6+ 11.Qe2 Qxe2+ 12.Bxe2 Bd6 13.Bf4 Bxf4 14.Nxf4 Nb6
15.O-O-O O-O 16.g3 Bf5 17.Nxd4 Nxd4 18.Rxd4 c5 19.Rd2 g5 20.Nd5 Be4 21.Nxb6 axb6
22.Re1 Bc6 23.Bc4+ Kh8 24.Re5 h6 25.a3 Rf6 26.Re6 Rxe6 27.Bxe6 Re8 28.Bg4 Kg7
29.Re2 Rd8 30.Re7+ Kf6 31.Re6+ Kg7 32.Bf5 Rh8 33.Kd2 Kf7 34.Rd6 Ke7 35.Rg6 Rf8
36.g4 Rf6 37.Ke3 Rxg6 38.Bxg6 Kf6 39.Be4 Bd7 40.h3 Bc8 41.f4 b5 42.b4 b6
43.Bc6 Ba6 44.Kf3 Ke7 45.Kg3 Kd6 46.Be4 Bc8 47.h4 gxh4+ 48.Kxh4 Be6 49.Kh5 Ke7
50.Bf3  1-0

[Event "IV Open"]
[Site "Palma ESP"]
[Date "2009.11.24"]
[Round "5"]
[White "Massanet Massanet,S"]
[Black "Albers,A"]
[Result "1-0"]
[WhiteElo "2243"]
[BlackElo "2007"]

1.e4 e6 2.d4 d5 3.Nd2 Be7 4.Ngf3 c5 5.dxc5 Nf6 6.e5 Nfd7 7.Nb3 Nxc5 8.Nxc5 Qa5+
9.c3 Qxc5 10.Bd3 Qc7 11.O-O Nd7 12.Re1 Nc5 13.Bc2 Bd7 14.Nd4 h5 15.f4 g6
16.Be3 Bc6 17.Rc1 Qd7 18.b4 Ne4 19.b5 Nxc3 20.bxc6 bxc6 21.Qd2 Nxa2 22.Ba4  1-0

[Event "World Cup"]
[Site "Khanty-Mansiysk RUS"]
[Date "2009.11.26"]
[Round "2.3"]
[White "Milos,G"]
[Black "Vitiugov,N"]
[Result "0-1"]
[WhiteElo "2603"]
[BlackElo "2694"]

1.e4 e6 2.d4 d5 3.Nd2 Be7 4.Bd3 c5 5.dxc5 Nf6 6.Qe2 O-O 7.Ngf3 Nfd7 8.Nb3 a5
9.a4 Na6 10.exd5 Ndxc5 11.Nxc5 Nxc5 12.Bb5 exd5 13.Nd4 Bf6 14.Be3 Ne6 15.Rd1 Bxd4
16.Bxd4 Qg5 17.O-O Nf4 18.Qf3 Bg4 19.Qg3 Nh5 20.Qe5 Qxe5 21.Bxe5 Bxd1 22.Rxd1 Nf6
23.Bxf6 gxf6 24.Rxd5 Rfd8 25.Rxd8+ Rxd8 26.Bd3 Re8 27.Kf1 h6 28.f4 Kf8 29.Kf2 Re6
30.b3 Ke7 31.Bc4 Rd6 32.Ke2 Rd4 33.g3 Re4+ 34.Kd2 Rd4+ 35.Ke2 b6 36.Bd3 Ke6
37.c3 Rd8 38.Ke3 Kd6 39.Bc4 Re8+ 40.Kf2 Re7 41.Kf3 f5 42.Bd3 Rc7 43.c4 Kc5
44.Bxf5 Kb4 45.g4 Kxb3 46.g5 h5 47.Be4 Kxa4 48.Bd5 Kb4 49.f5 a4 50.Ke4 a3
51.c5 bxc5 52.Ba2 c4 53.f6 Rc5 54.h4 Kc3 55.Ke3 Kb2 56.g6 Kxa2  0-1

[Event "69th ch-ITA"]
[Site "Sarre ITA"]
[Date "2009.11.26"]
[Round "4"]
[White "D'Amore,C"]
[Black "Bruno,Fabi"]
[Result "0-1"]
[WhiteElo "2489"]
[BlackElo "2460"]

1.e4 e6 2.d4 d5 3.Nd2 Be7 4.Bd3 Nf6 5.e5 Nfd7 6.c3 c5 7.Ne2 b6 8.O-O Ba6
9.Bxa6 Nxa6 10.f4 Nc7 11.f5 exf5 12.Rxf5 Ne6 13.Nf1 O-O 14.Ne3 cxd4 15.cxd4 Nb8
16.Ng4 Nc6 17.Be3 f6 18.exf6 Bxf6 19.Qa4 b5 20.Qd1 Be7 21.Rxf8+ Bxf8 22.Qd3 a6
23.Qf5 Qd7 24.Rf1 Bd6 25.g3 Bc7 26.Nf2 Rf8 27.Qg4 Qf7 28.Rc1 h5 29.Qh3 Ng5
30.Qg2 Nf3+ 31.Kh1 Qe6 32.Nd1 Ne1 33.Rxc6 Qxc6 34.Qg1 Nf3 35.Qg2 Qe6 36.Bf4 Ne1
37.Qf2 Qe4+ 38.Kg1 Nd3 39.Qe3 Bxf4 40.gxf4 Qxe3+  0-1

[Event "1st Thanksgiving Open"]
[Site "Stillwater USA"]
[Date "2009.11.28"]
[Round "3"]
[White "Langer,M USA"]
[Black "Holt,C"]
[Result "0-1"]
[WhiteElo "2300"]
[BlackElo "2342"]

1.e4 e6 2.d4 d5 3.Nd2 Be7 4.c3 c5 5.dxc5 Bxc5 6.Bd3 Nc6 7.Ngf3 Nge7 8.O-O O-O
9.Qe2 Ng6 10.Nb3 Bd6 11.Nbd4 Nxd4 12.Nxd4 dxe4 13.Bxe4 f5 14.Bc2 e5 15.Qc4+ Kh8
16.Ne6 Bxe6 17.Qxe6 e4 18.Rd1 Rf6 19.Qd5 Qc7 20.h3 h6 21.Be3 Nh4 22.Kh1 Rg6
23.g4 Re8 24.gxf5 Re5 25.Qb3 Qd7 26.Rxd6 Rxd6 27.Rg1 Nxf5 28.Bf4 Rb6 29.Qa3 Re8
30.c4 Qf7 31.Qc3 Rg6 32.Re1 Rge6 33.Bd1 Rc6 34.b3 Rce6 35.c5 Nh4 36.Qg3 Nf3
37.Bxf3 exf3 38.Be3 Rg6 39.Qh4 Rg2 40.Rd1 Qg6 41.Qf4 Qh5 42.h4 Rg4  0-1

[Event "30th Edoardo Crespi Magistrale"]
[Site "Milan ITA"]
[Date "2009.12.06"]
[Round "2"]
[White "Sgnaolin,D"]
[Black "Naumkin,I"]
[Result "1/2-1/2"]
[WhiteElo "2213"]
[BlackElo "2463"]

1.e4 e6 2.d4 d5 3.Nd2 Nc6 4.Ngf3 Nf6 5.e5 Nd7 6.Nb3 a5 7.a4 Be7 8.c3 f6 9.Bb5 O-O
10.Qe2 fxe5 11.dxe5 Qe8 12.O-O Qh5 13.Re1 Nc5 14.Nxc5 Bxc5 15.b3 Bd7 16.Ba3 Bxa3
17.Rxa3 Rf4 18.Raa1 Raf8 19.Rad1 Re4 20.Qf1 Ref4 21.Bxc6 Bxc6 22.Rd4 Rxf3
23.gxf3 Rxf3 24.Re3 Rxe3 25.fxe3 Qg5+ 26.Kf2 Qxe5 27.Qh3 h6 28.Ke2 Qf6 29.Rf4 Qg6
30.Kd2 e5 31.Qf5 Qe8 32.Rf2 Bd7 33.Qf3 c6 34.Qg3 Qe7 35.Rg2 Bf5 36.h4 b5
37.Rf2 Be4 38.Qg4 bxa4 39.bxa4 Kh7 40.Qc8 Qxh4 41.Rf8 Qh2+ 42.Ke1 Qg3+ 43.Ke2 Bc2
44.Rh8+ Kg6 45.Qxc6+ Kg5 46.Qxd5 Qh2+ 47.Kf1 Bxa4 48.Rf8 Qh3+ 49.Kf2 Qh2+
50.Kf1 Qh3+ 51.Kf2 Qh2+ 52.Kf1 Qh3+  1/2-1/2

[Event "London Classic FIDE Open"]
[Site "London ENG"]
[Date "2009.12.08"]
[Round "1"]
[White "McDonald,N"]
[Black "Milnes,A"]
[Result "1-0"]
[WhiteElo "2412"]
[BlackElo "2064"]

1.e4 e6 2.d4 d5 3.Nd2 Nc6 4.Ngf3 Nf6 5.e5 Nd7 6.c3 f6 7.Bb5 Be7 8.O-O O-O
9.Re1 fxe5 10.dxe5 Nb6 11.Nd4 Bd7 12.Bd3 Nxd4 13.cxd4 Be8 14.Qg4 Qd7 15.Nf3 c5
16.Bh6 Rf7 17.dxc5 Bxc5 18.Rac1 Rc8 19.Rc2 Be7 20.Rxc8 Nxc8 21.Rc1 Bd8 22.Nd4 Ne7
23.Bb5 Nc6 24.Nxc6 bxc6 25.Bxc6 Qe7 26.Be3 Bb6 27.Bxb6 axb6 28.Rc3 Rf8 29.Bxe8 Rxe8
30.h3 Qd7 31.Qd4 Rb8 32.a4 b5 33.Rb3 Rb7 34.axb5 Rxb5 35.Qa4  1-0

[Event "London Classic FIDE Open"]
[Site "London ENG"]
[Date "2009.12.08"]
[Round "1"]
[White "Sagues,V"]
[Black "Collyer,C"]
[Result "1/2-1/2"]
[WhiteElo "1948"]
[BlackElo "2294"]

1.e4 e6 2.d4 d5 3.Nd2 Nc6 4.Ngf3 Nf6 5.e5 Nd7 6.Bd3 Nb4 7.Be2 c5 8.c3 Nc6
9.O-O g6 10.Re1 Bg7 11.Nf1 f6 12.exf6 Qxf6 13.Bg5 Qf7 14.Be3 cxd4 15.cxd4 O-O
16.Qd2 Nf6 17.Ng3 a6 18.Rac1 Rd8 19.Bd3 Ng4 20.Bg5 Rf8 21.h3 Nf6 22.Bh6 Bd7
23.Bxg7 Kxg7 24.Bb1 Ng8 25.Ne5 Nxe5 26.Rxe5 Rac8 27.Rxc8 Rxc8 28.Re1  1/2-1/2

[Event "London Classic FIDE Open"]
[Site "London ENG"]
[Date "2009.12.09"]
[Round "2"]
[White "Rendle,T"]
[Black "Pedersen,Ca"]
[Result "1-0"]
[WhiteElo "2382"]
[BlackElo "2155"]

1.e4 e6 2.d4 d5 3.Nd2 Be7 4.Ngf3 Nf6 5.e5 Nfd7 6.Bd3 c5 7.c3 b6 8.Qe2 a5
9.a4 Na6 10.O-O Nc7 11.Re1 Ba6 12.Bxa6 Rxa6 13.Nf1 Ra7 14.Ng3 h6 15.h3 Nb8
16.Be3 Nc6 17.Nh5 g6 18.dxc5 bxc5 19.Nf6+ Kf8 20.Qd2 Kg7 21.Bf4 Ne8 22.Ng4 h5
23.Ngh2 Rb7 24.Ng5 Nc7 25.h4 Qb8 26.Rab1 c4 27.Qe2 Na6 28.Qf3 Nc5 29.Bg3 Rf8
30.Re2 Nxa4 31.Bf4 Nc5 32.g4 hxg4 33.Nxg4 Nd3 34.Bg3 Bxg5 35.hxg5 Qd8 36.Qf6+ Qxf6
37.exf6+ Kh7 38.Kg2 Rh8 39.Nh6 Rhb8 40.Bxb8 Rxb8 41.Kf3  1-0

[Event "London Classic FIDE Open"]
[Site "London ENG"]
[Date "2009.12.10"]
[Round "3"]
[White "Quillan,G"]
[Black "Casiot,D"]
[Result "1-0"]
[WhiteElo "2394"]
[BlackElo "2143"]

1.e4 e6 2.d4 d5 3.Nd2 Nc6 4.Ngf3 Nf6 5.e5 Nd7 6.c3 Nb6 7.Bd3 Bd7 8.h4 Be7
9.Nf1 f6 10.Ng3 O-O 11.Bxh7+ Kxh7 12.Ng5+ Kg8 13.Qh5 fxg5 14.hxg5 Bxg5 15.Bxg5 Qe8
16.Qh7+ Kf7 17.Rh6 Qe7 18.Qg6+ Kg8 19.Bxe7 Nxe7 20.Qh7+ Kf7 21.Rf6+ Ke8 22.Rxf8+ Kxf8
23.Nh5 g6 24.Qg7+ Ke8 25.Nf6+  1-0

[Event "London Classic FIDE Open"]
[Site "London ENG"]
[Date "2009.12.11"]
[Round "4"]
[White "Ferguson,M"]
[Black "Roberson,P"]
[Result "1/2-1/2"]
[WhiteElo "2410"]
[BlackElo "2236"]

1.e4 e6 2.d4 d5 3.Nd2 Be7 4.e5 Nh6 5.Bd3 b6 6.c3 a5 7.Ne2 Ba6 8.Bxa6 Nxa6
9.Ng3 Nf5 10.Nxf5 exf5 11.Nf1 c6 12.Ng3 g6 13.Bh6 Nc7 14.Bg7 Rg8 15.Bh6 Ne6
16.Bd2 Qc8 17.O-O Qa6 18.Qf3 O-O-O 19.Rfd1 Rd7 20.Ne2 Rgd8 21.Rac1 Kb8 22.Rc2 Ka7
23.Be3 c5 24.dxc5 bxc5 25.b3 Ng5 26.Bxg5 Bxg5 27.Qg3 Be7 28.Rcd2 Qe6 29.Qd3 Qxe5
30.Qb5 Qc7 31.b4 Rb8 32.Qa4 d4 33.bxc5 Bxc5 34.cxd4 Rb4 35.Qc2 Bb6 36.Qd3 Qc4
37.Qf3 Qd5 38.Qh3 h5 39.Qd3 Qe4 40.Qc3 Rc7 41.Qe3 Rb1 42.h3 Rxd1+ 43.Rxd1 Rc2
44.Nc1 Bxd4 45.Rxd4 Qxe3 46.fxe3 Rxc1+ 47.Kh2 Kb6 48.Kg3 Rc2 49.a4 Kc6 50.Kf3 Rb2
51.Rd8 Rb4 52.Rf8 Kd6 53.Rxf7 Ke6 54.Ra7 Rxa4 55.Ra6+ Kf7 56.g3 Kg7 57.Ra7+ Kf6
58.Ra6+ Kg5 59.h4+ Kh6 60.Ra7 Ra1 61.Kg2 a4 62.Kf2 Ra2+ 63.Kf1 a3 64.Kg1 Ra1+
65.Kg2 a2 66.Kh2 Re1 67.Rxa2 Rxe3 68.Ra7 Re2+ 69.Kg1 Re4 70.Rf7 Rg4 71.Kf2 Rb4
72.Kf3 Ra4  1/2-1/2

[Event "Open"]
[Site "Pilsen CZE"]
[Date "2009.12.11"]
[Round "8"]
[White "Folkova,M"]
[Black "Szablowski,P"]
[Result "0-1"]
[WhiteElo "2106"]
[BlackElo "2217"]

1.e4 e6 2.d4 d5 3.Nd2 Nc6 4.Ngf3 Nf6 5.e5 Nd7 6.c3 f6 7.exf6 Qxf6 8.Bb5 Bd6
9.O-O O-O 10.Qe2 e5 11.Bxc6 bxc6 12.dxe5 Nxe5 13.Nxe5 Bxe5 14.Nb3 a5 15.Nc5 Qd6
16.h3 Bh2+ 17.Kh1 Qxc5 18.Kxh2 Qd6+ 19.Kg1 Ba6 20.Qd1 Bxf1 21.Qxf1 c5 22.Be3 Rad8
23.Rd1 Qb6 24.b3 Kh8 25.Qd3 d4 26.Bg5 Rd7 27.Qc4 h6 28.Bh4 Re8 29.Qa4 c6
30.Qa3 Qb5 31.f3 Qe2 32.Qc1 Qxa2 33.Re1 Re2 34.Rxe2 Qxe2 35.cxd4 cxd4 36.Qxc6 Qe8
37.Bg3 d3 38.Bf4 Qd8 39.Bd2 Re7 40.Qc3 Re2 41.Bxh6 Qb6+ 42.Kh1 Qxh6 43.Qxd3 Re1+  0-1